000 00743nam a2200229Ia 4500
003 GCL
008 140319s9999 xx 000 0 ara d
040 _aGCL /
_cGCL
082 0 4 _a321.04
_bب ب
100 1 _aمحجوب عمر
245 1 0 _aبين عصرين: الاستراتيجية الامريكية فى العصر التكنترونى /
_cمحجوب عمر
700 1 _aبريجنسكى
260 _a[S.N] :
_bالعربى للنشر والتوزيع
300 _a291 ص
490 _a
650 0 4 _aالولايات المتحدة الامريكية
650 0 4 _aالسياسة الخارجية
650 0 4 _aالتكنولوجيا
650 0 4 _aالعالم
650 0 4 _aالقرن العشرين
942 _2ddc
_cBK
999 _c34745
_d34745